Podniková ekonomika PE_443 : povinný předmět. 3 /

Hlavní autor: Sedláčková, Helena
Korporativní autor: Vysoká škola ekonomická v Praze. Podnikohospodářská fakulta
Další autoři: Mikovcová, Hana, 1959-, Vosátka, Jakub, 1974-
Jazyk: Čeština
Vydáno: Praha : Vysoká škola ekonomická, 2002
Fyzický popis: 1 elektronický optický disk (CD-ROM) ; 12 cm + 1 brožura (12 s.)
Elektronické zdroje
Uloženo v:
LEADER 01106nmm a2200229 a 4500
001 000649272
003 CZ BrMZK
005 20050127150115.0
008 030128s2002 xr f cze d
040 |a BOA001  |b cze 
100 1 |a Sedláčková, Helena  |7 jo20000063492  |4 aut 
245 1 0 |a Podniková ekonomika  |h [elektronický zdroj] :  |b PE_443 : povinný předmět.  |n 3 /  |c Helena Sedláčková, Hana Mikovcová, Jakub Vosátka 
246 3 3 |a PE_443 
260 |a Praha :  |b Vysoká škola ekonomická,  |c 2002 
300 |a 1 elektronický optický disk (CD-ROM) ;  |c 12 cm +  |e 1 brožura (12 s.) 
521 |a Učební pomůcka pro magisterské navazující studium oboru Podniková ekonomika a management v distanční formě 
700 1 |a Mikovcová, Hana,  |d 1959-  |7 ola2003201023  |4 aut 
700 1 |a Vosátka, Jakub,  |d 1974-  |7 ola2003201037  |4 aut 
710 2 |a Vysoká škola ekonomická v Praze.  |b Podnikohospodářská fakulta  |7 kn20010709402 
910 |a BOA001  |b CDR2-1111.968,3 
990 |a CF 
996 6 |b 2610180158  |c CDR2-1111.968,3  |l Stud. periodik/2.patro  |r Sklad / do 1 hodiny  |n 1  |p p.v.  |w 000649272  |u 000010  |a 1  |e BOA001  |j MZK50  |s P